[Event "51st Groningen Open A 2013"]
[Site "Groningen NED"]
[Date "2013.12.24"]
[Round "4.5"]
[White "Klein, David"]
[Black "Andriasian, Zaven"]
[Result "0-1"]
[WhiteTitle "IM"]
[BlackTitle "GM"]
[WhiteElo "2491"]
[BlackElo "2610"]
[WhiteFideId "1003623"]
[BlackFideId "13302000"]
[EventDate "2013.12.21"]

1. e4 c5 2. Nf3 d6 3. c3 Nf6 4. Be2 Nbd7 5. d3 g6 6. Nbd2 Bg7 7. O-O O-O 8. d4
e5 9. dxe5 dxe5 10. Qc2 b6 11. Re1 Bb7 12. Bf1 Qc7 13. a4 h6 14. g3 Rad8 15. Nh4
Rfe8 16. Ng2 Nf8 17. Ne3 Ne6 18. Bg2 a6 19. Qb3 Rd3 20. Nd5 Nxd5 21. exd5 Nd4
22. Qd1 Nf5 23. c4 b5 24. axb5 axb5 25. Qc2 bxc4 26. Nxc4 Rxd5 27. Ra7 Qb8 28.
Qa4 Red8 29. Nb6 Bc6 30. Qa5 Rd1 31. Bd2 R8xd2 32. Bxc6 Rxe1+ 33. Kg2 Qd6 34.
Ba8 Ne3+ 35. Kf3 Qf6+ 36. Ke4 Nc4# 0-1

[Event "51st Groningen Open A 2013"]
[Site "Groningen NED"]
[Date "2013.12.24"]
[Round "4.6"]
[White "Danielian, Elina"]
[Black "Kovchan, Alexander"]
[Result "0-1"]
[WhiteTitle "GM"]
[BlackTitle "GM"]
[WhiteElo "2462"]
[BlackElo "2562"]
[WhiteFideId "13300210"]
[BlackFideId "14103052"]
[EventDate "2013.12.21"]

1. d4 Nf6 2. c4 g6 3. Nf3 Bg7 4. Nc3 d5 5. Bg5 dxc4 6. e4 c5 7. d5 b5 8. d6 Bb7
9. a4 Nxe4 10. Nxe4 Bxe4 11. Bxe7 Qa5+ 12. Nd2 Bxb2 13. Bxc4 bxc4 14. O-O Bd5
15. Re1 Kd7 16. Nb3 Qxe1+ 17. Qxe1 cxb3 18. Rd1 Bd4 19. Qa5 Rc8 20. Qb5+ Nc6 21.
Qb7+ Ke6 22. d7 Rd8 23. Bxd8 Rxd8 24. Re1+ Kd6 25. Qb5 Rxd7 26. h4 b2 27. Qd3
Re7 28. Rd1 Re4 29. Qg3+ Be5 30. Qa3 Rb4 31. Rb1 Be4 32. Rd1+ Nd4 33. Qa2 b1=Q
34. Rxb1 Rxb1+ 0-1

[Event "51st Groningen Open A 2013"]
[Site "Groningen NED"]
[Date "2013.12.24"]
[Round "4.7"]
[White "Donchenko, Alexander"]
[Black "Pruijssers, Roeland"]
[Result "1/2-1/2"]
[WhiteTitle "IM"]
[BlackTitle "GM"]
[WhiteElo "2455"]
[BlackElo "2539"]
[WhiteFideId "24603295"]
[BlackFideId "1013068"]
[EventDate "2013.12.21"]

1. d4 f5 2. Nf3 Nf6 3. g3 g6 4. Bg2 Bg7 5. O-O O-O 6. b3 d6 7. Bb2 Ne4 8. Nbd2
Nc6 9. Ne1 d5 10. e3 e5 11. Ndf3 exd4 12. exd4 f4 13. Ne5 Nxe5 14. dxe5 c6 15.
c4 Be6 16. Nd3 Bh6 17. Re1 f3 18. Bxf3 Nd2 19. Bg2 dxc4 20. Nc5 Bd5 21. bxc4
Bxg2 22. Kxg2 Qb6 23. Ba3 Rf3 24. Qa4 Raf8 25. Re2 Rxa3 26. Qxa3 Nxc4 27. Nd7
Nxa3 28. Nxb6 axb6 29. Rd1 Rf7 30. f4 Nc4 31. Kf3 b5 32. e6 Re7 33. Rd8+ Kg7 34.
g4 Kf6 35. g5+ Bxg5 36. fxg5+ Kxg5 37. Rf8 Nd6 38. h4+ Kh6 39. Kf4 Kg7 40. Rd8
Nc4 41. Rd7 Kf6 42. Rxe7 Kxe7 43. Kg5 Nd6 44. Kh6 Nf5+ 45. Kxh7 Nxh4 46. Re4 g5
47. Kh6 Kf6 48. Kh5 Nf5 49. Kg4 Ne7 50. a3 Nd5 51. Re1 b6 52. Re2 c5 53. e7 Nxe7
54. Rb2 b4 55. axb4 c4 56. Rd2 Ke5 57. Re2+ Kd6 58. Kxg5 Nd5 59. Kf5 Nxb4 60.
Ke4 Kc5 61. Re3 b5 62. Rg3 Nc2 63. Rg2 Na1 64. Rg5+ Kb4 65. Kd5 Nc2 66. Rh5 c3
67. Rh1 Na3 68. Kd4 Kb3 69. Kd3 b4 70. Rh4 Nc2 71. Re4 Na3 72. Rh4 Nb1 73. Rg4
Nd2 74. Rf4 Nb1 75. Rg4 Na3 1/2-1/2

[Event "51st Groningen Open A 2013"]
[Site "Groningen NED"]
[Date "2013.12.24"]
[Round "4.8"]
[White "Peng, Zhaoqin"]
[Black "Stukopin, Andrey"]
[Result "0-1"]
[WhiteTitle "GM"]
[BlackTitle "IM"]
[WhiteElo "2369"]
[BlackElo "2509"]
[WhiteFideId "1004786"]
[BlackFideId "24107131"]
[EventDate "2013.12.21"]

1. d4 c5 2. d5 d6 3. e4 g6 4. Nf3 Bg7 5. Bb5+ Bd7 6. a4 Nf6 7. Nbd2 O-O 8. O-O
e6 9. dxe6 Bxe6 10. Re1 d5 11. exd5 Bxd5 12. Ne5 a6 13. Bf1 Nc6 14. Ndc4 Nxe5
15. Nxe5 Ne4 16. Bf4 Re8 17. c4 Bxe5 18. Bxe5 Rxe5 19. cxd5 Qd6 20. Qc2 Rae8 21.
a5 Qxd5 22. Red1 Qc6 23. Rac1 Qf6 24. f3 Nd6 25. Qb3 Kg7 26. Qb6 R8e6 27. Qc7
Qf4 28. h3 Qe3+ 29. Kh2 Qf4+ 30. Kh1 Nf5 31. Qxb7 Ng3+ 32. Kg1 Ne2+ 33. Bxe2
Rxe2 34. Kh1 Rxg2 35. Kxg2 Re2+ 0-1

[Event "51st Groningen Open A 2013"]
[Site "Groningen NED"]
[Date "2013.12.24"]
[Round "4.9"]
[White "Novikov, Stanislav"]
[Black "Cernousek, Lukas"]
[Result "1/2-1/2"]
[WhiteTitle "GM"]
[BlackTitle "IM"]
[WhiteElo "2556"]
[BlackElo "2455"]
[WhiteFideId "4125371"]
[BlackFideId "311707"]
[EventDate "2013.12.21"]

1. e4 c5 2. Nf3 d6 3. c3 Nf6 4. Be2 Nbd7 5. d3 g6 6. O-O Bg7 7. Re1 O-O 8. Bf1
e5 9. d4 cxd4 10. cxd4 exd4 11. Nxd4 Re8 12. Nc3 d5 13. exd5 Rxe1 14. Qxe1 Nb6
15. d6 Qxd6 16. Ndb5 Qc6 17. Bf4 Bg4 18. h3 Nbd5 19. Be5 Nxc3 20. Qxc3 Qxc3 21.
Bxc3 Be6 22. Nc7 Rc8 23. Nxe6 fxe6 24. Bb5 Rc5 25. Ba4 Nd5 26. Bxg7 Kxg7 27. g3
g5 28. Kg2 Kf6 29. Re1 b5 30. Bb3 a5 31. Re4 a4 32. Bd1 a3 33. Re2 Rc4 34. Bb3
axb2 35. Rxb2 Rc5 36. Kf3 h5 37. Ke4 Ke7 38. Kd4 Kd6 39. Re2 Rc1 40. Re5 Rf1 41.
Rxg5 Rxf2 42. h4 e5+ 43. Ke4 Nf6+ 44. Ke3 Rf1 45. Ke2 Rg1 46. Kf2 Rc1 47. Kg2
Rc3 48. Bd1 b4 49. Rg6 Ke7 50. Bb3 Rd3 51. Rg7+ Kd6 52. Rb7 Ne4 53. Rxb4 Rxg3+
54. Kh2 Rg4 55. Bd1 Rxh4+ 56. Kg2 Rf4 57. Bxh5 Nf6 58. Rxf4 1/2-1/2

[Event "51st Groningen Open A 2013"]
[Site "Groningen NED"]
[Date "2013.12.24"]
[Round "4.16"]
[White "Kohlweyer, Bernd"]
[Black "Wacker, Peter"]
[Result "1/2-1/2"]
[WhiteTitle "IM"]
[BlackTitle "FM"]
[WhiteElo "2431"]
[BlackElo "2293"]
[WhiteFideId "4600622"]
[BlackFideId "4615751"]
[EventDate "2013.12.21"]

1. d4 Nf6 2. c4 e6 3. Nc3 Bb4 4. e3 d5 5. a3 Bxc3+ 6. bxc3 c5 7. cxd5 exd5 8.
Bd3 O-O 9. Ne2 b6 10. O-O Ba6 11. f3 Re8 12. Ng3 Bxd3 13. Qxd3 Nc6 14. Bb2 h5
15. Rae1 h4 16. Nh1 Nh5 17. Qf5 g6 18. Qg4 Qf6 19. g3 hxg3 20. Nxg3 Nxg3 21.
hxg3 cxd4 22. cxd4 Qf5 23. Qxf5 gxf5 24. Bc3 Rac8 25. Kf2 Ne5 1/2-1/2

[Event "51st Groningen Open A 2013"]
[Site "Groningen NED"]
[Date "2013.12.24"]
[Round "4.17"]
[White "Beukema, Stefan"]
[Black "Simonian, Tigran"]
[Result "0-1"]
[WhiteTitle "FM"]
[BlackTitle "IM"]
[WhiteElo "2280"]
[BlackElo "2401"]
[WhiteFideId "1024523"]
[BlackFideId "13303597"]
[EventDate "2013.12.21"]

1. e4 c5 2. Nf3 Nc6 3. d4 cxd4 4. Nxd4 e6 5. c4 Nf6 6. Nc3 Bb4 7. f3 d5 8. cxd5
exd5 9. Bb5 Bd7 10. exd5 Nxd5 11. O-O Nxc3 12. bxc3 Bxc3 13. Bxc6 bxc6 14. Bb2
Bxb2 15. Qe2+ Qe7 16. Qxb2 O-O 17. Rac1 Rfb8 18. Qc3 Rb6 19. Rfe1 Qf6 20. Qc5 h6
21. a4 Qg6 22. Rc2 Rab8 23. Qe7 Re8 24. Qh4 Rxe1+ 25. Qxe1 Qd6 26. Rd2 Qc5 27.
Qe3 Rb8 28. Kf2 Re8 29. Qf4 Qb4 30. Ne6 Qb6+ 31. Nd4 c5 32. Ne2 c4+ 33. Kf1 Bxa4
34. Qxc4 Bb5 35. Qd5 Bxe2+ 36. Rxe2 Qa6 0-1

[Event "51st Groningen Open A 2013"]
[Site "Groningen NED"]
[Date "2013.12.24"]
[Round "4.18"]
[White "Hendriks, Willy"]
[Black "Molinaroli, Martin"]
[Result "1/2-1/2"]
[WhiteTitle "IM"]
[WhiteElo "2396"]
[BlackElo "2269"]
[WhiteFideId "1000713"]
[BlackFideId "4606604"]
[EventDate "2013.12.21"]

1. e4 e6 2. d4 d5 3. e5 c5 4. c3 Nc6 5. Nf3 Qb6 6. a3 Bd7 7. b4 cxd4 8. cxd4 Rc8
9. Be3 Nh6 10. Bd3 Ng4 11. O-O Be7 12. Nbd2 Nxe3 13. fxe3 O-O 14. Nb3 Nb8 15.
Qe2 Rfd8 16. Nc5 Be8 17. Rab1 Qc7 18. Nd2 Nd7 19. Rbc1 Nxc5 20. bxc5 Qa5 1/2-1/2

[Event "51st Groningen Open A 2013"]
[Site "Groningen NED"]
[Date "2013.12.24"]
[Round "4.19"]
[White "Struik, Tjapko"]
[Black "Chytilek, Roman"]
[Result "1/2-1/2"]
[BlackTitle "IM"]
[WhiteElo "2262"]
[BlackElo "2374"]
[WhiteFideId "1011243"]
[BlackFideId "304980"]
[EventDate "2013.12.21"]

1. e4 c6 2. Nc3 d5 3. Nf3 Bg4 4. h3 Bxf3 5. Qxf3 e6 6. d3 Nd7 7. Bd2 g6 8. g4
Bg7 9. Be2 Ne7 10. h4 h6 11. Qg2 d4 12. Nd1 e5 13. g5 h5 14. f3 O-O 15. Nf2 Nc5
16. Nh3 Ne6 17. O-O c5 18. c4 dxc3 19. Bxc3 Nc6 20. f4 exf4 21. Nxf4 Nxf4 22.
Rxf4 Nd4 23. Raf1 Rc8 24. Bd1 b5 25. Kh1 Qd6 26. Qh3 Rc6 27. Bb3 Nxb3 28. axb3
Qe6 29. Qxe6 Rxe6 30. Kg2 Re7 31. R1f3 Rd8 32. Kf1 Rd6 33. Bxg7 Kxg7 34. Rf6 Rd4
35. Rc6 Rb4 36. Rxc5 Rxb3 37. Rc2 a5 38. Ke2 Rd7 39. Rd2 Rb4 40. Rf6 a4 41. Ra6
Kf8 42. Ke3 Rb3 43. Ra8+ Ke7 44. Ra6 Kd8 45. Ra8+ Ke7 1/2-1/2

[Event "51st Groningen Open A 2013"]
[Site "Groningen NED"]
[Date "2013.12.24"]
[Round "4.20"]
[White "Schippers, Maurice"]
[Black "Pijpers, Arthur"]
[Result "1/2-1/2"]
[WhiteElo "2216"]
[BlackElo "2366"]
[WhiteFideId "1004735"]
[BlackFideId "1019554"]
[EventDate "2013.12.21"]

1. e4 c5 2. Nf3 d6 3. d4 Nf6 4. Nc3 cxd4 5. Nxd4 g6 6. Be3 Bg7 7. f3 Nc6 8. Qd2
O-O 9. O-O-O d5 10. exd5 Nxd5 11. Nxc6 bxc6 12. Bd4 Bxd4 13. Qxd4 Qb6 14. Na4
Qa5 15. b3 Qc7 16. Nc5 Rd8 17. c4 Bf5 18. cxd5 Rxd5 19. Qe3 Qb6 20. Rxd5 cxd5
21. Qc3 d4 22. Qxd4 a5 23. g4 Rd8 24. Qc3 Rc8 25. gxf5 Rxc5 26. Bc4 Rxf5 27. Rd1
Rh5 28. Qd2 Qf6 29. Qd8+ Kg7 30. Qd4 Rxh2 31. Qxf6+ Kxf6 32. a4 h5 33. Rd4 g5
34. Kd1 h4 35. Ke1 h3 36. Kf1 Rg2 37. Rg4 Rb2 38. Kg1 e6 39. f4 gxf4 40. Rxf4+
Kg6 41. Rh4 e5 42. Rxh3 f5 43. Rd3 e4 44. Rd5 f4 45. Rxa5 e3 46. Re5 Kf6 47.
Re6+ Kf5 48. a5 Kg4 49. Rg6+ Kf5 50. Bd3+ Ke5 51. a6 Ra2 52. b4 f3 53. Rg4 Ra1+
54. Kh2 e2 55. Re4+ Kd5 56. Kg3 e1=Q+ 57. Rxe1 Rxe1 58. Kxf3 Ke6 1/2-1/2

[Event "51st Groningen Open A 2013"]
[Site "Groningen NED"]
[Date "2013.12.24"]
[Round "4.22"]
[White "Bellia, Fabrizio"]
[Black "Hulshof, Peter"]
[Result "1-0"]
[WhiteTitle "IM"]
[WhiteElo "2424"]
[BlackElo "2215"]
[WhiteFideId "800511"]
[BlackFideId "1003291"]
[EventDate "2013.12.21"]

1. d4 g6 2. e4 Bg7 3. Nf3 c6 4. c3 d5 5. e5 Bg4 6. Nbd2 e6 7. h3 Bxf3 8. Nxf3
Ne7 9. Bd3 c5 10. O-O cxd4 11. cxd4 Nbc6 12. Bg5 h6 13. Be3 O-O 14. Qd2 Kh7 15.
Rac1 Rc8 16. Rc5 Nb8 17. Rfc1 Rxc5 18. Rxc5 b6 19. Rc2 Qd7 20. Qb4 Rc8 21. Rxc8
Nxc8 22. Nh2 Nc6 23. Qc3 N8e7 24. Ng4 Qb7 25. Nf6+ Bxf6 26. exf6 Ng8 27. Bb5 Nb8
28. Qa3 Nxf6 29. Qf8 Ng8 30. Bf4 a6 31. Be8 Qe7 32. Qxe7 Nxe7 33. Bxb8 Kg8 34.
g4 f6 35. Bd6 Nc8 36. Bc7 1-0

[Event "51st Groningen Open A 2013"]
[Site "Groningen NED"]
[Date "2013.12.24"]
[Round "4.23"]
[White "Von Meijenfeldt, Bart"]
[Black "Willemze, Thomas"]
[Result "1/2-1/2"]
[BlackTitle "IM"]
[WhiteElo "2207"]
[BlackElo "2421"]
[WhiteFideId "1032259"]
[BlackFideId "1007238"]
[EventDate "2013.12.21"]

1. e4 d5 2. exd5 Qxd5 3. Nc3 Qa5 4. d4 Nf6 5. Nf3 Bf5 6. Ne5 c6 7. Nc4 Qd8 8.
Bf4 e6 9. a3 Be7 10. Be2 O-O 11. g4 Bg6 12. Bf3 Nd5 13. Nxd5 exd5 14. Ne5 Nd7
15. Nxg6 fxg6 16. Bg3 Qa5+ 17. c3 Qb5 18. Qe2 Qxe2+ 19. Kxe2 Rae8 20. Bg2 Bd6+
21. Kf1 Bxg3 22. hxg3 Nf6 23. Bf3 Ne4 24. Bxe4 Rxe4 25. Re1 Rxg4 26. Kg2 Rg5 27.
Re7 Rgf5 28. f4 R5f7 29. Rhe1 h6 30. R1e5 a5 31. a4 Rxe7 32. Rxe7 Rb8 33. Rc7
Kh7 34. Kh3 h5 35. b3 Re8 36. Rxb7 Re3 37. c4 dxc4 38. bxc4 Re4 39. Rb6 c5 40.
dxc5 Rxc4 41. c6 Rxa4 42. c7 Rc4 43. Rb7 a4 44. Ra7 a3 45. Rxa3 Rxc7 46. Ra8 g5
47. fxg5 Rc4 48. Ra5 Rg4 49. Rb5 Kg6 50. Ra5 Rxg5 51. Ra4 Rb5 52. g4 1/2-1/2

[Event "51st Groningen Open A 2013"]
[Site "Groningen NED"]
[Date "2013.12.24"]
[Round "4.24"]
[White "Arslanov, Shamil"]
[Black "Chernukhin, Alexander"]
[Result "1-0"]
[WhiteTitle "IM"]
[WhiteElo "2403"]
[BlackElo "2145"]
[WhiteFideId "4192826"]
[BlackFideId "24177199"]
[EventDate "2013.12.21"]

1. d4 d5 2. c4 c6 3. cxd5 cxd5 4. Bf4 Nf6 5. e3 a6 6. Nc3 Nc6 7. Bd3 e6 8. Rc1
Be7 9. h3 O-O 10. Nf3 Bd7 11. O-O Nh5 12. Bh2 f5 13. Na4 Nb4 14. Bb1 Bxa4 15.
Qxa4 Nc6 16. Rc3 Nf6 17. Rfc1 Bd6 18. Ne5 Bxe5 19. Bxe5 Ne8 20. Rxc6 Qd7 21.
R1c5 bxc6 22. Qxc6 Qxc6 23. Rxc6 Kf7 24. g4 g6 25. b4 Ke7 26. Bd3 Kd7 27. Rb6
fxg4 28. hxg4 Nc7 29. a4 Rfc8 30. a5 Ra7 31. Kg2 Nb5 32. Bxb5+ axb5 33. Rxb5 Rc4
34. Rb6 Rc6 35. Rb8 Rc8 36. Rb5 Rc4 37. g5 Kc8 38. Rb8+ Kd7 39. Rb6 Rc6 40. b5
Rc2 41. a6 Kc8 42. Rb8+ 1-0

[Event "51st Groningen Open A 2013"]
[Site "Groningen NED"]
[Date "2013.12.24"]
[Round "4.25"]
[White "Maris, Ivo"]
[Black "Hoeksema, Hendrik Pieter"]
[Result "1/2-1/2"]
[BlackTitle "IM"]
[WhiteElo "2161"]
[BlackElo "2369"]
[WhiteFideId "1028146"]
[BlackFideId "1000454"]
[EventDate "2013.12.21"]

1. b3 d5 2. Bb2 Nf6 3. e3 g6 4. c4 dxc4 5. Bxc4 Bg7 6. Nf3 O-O 7. O-O a6 8. a4
Nc6 9. d4 Bf5 10. Nbd2 Ne4 11. Nh4 Nxd2 12. Qxd2 Bg4 13. d5 Bxb2 14. Qxb2 Na5
15. Qd4 Bd7 16. Nf3 b5 17. Qc3 bxc4 18. Qxa5 cxb3 19. Nd4 Rb8 20. Qxa6 Rb6 21.
Qd3 b2 22. Ra2 Qa8 23. Ne2 Rfb8 24. Rb1 Bb5 25. axb5 Qxa2 26. Nc3 Qb3 27. Qd2
Rxb5 28. Nxb5 Rxb5 29. g3 Rxd5 30. Rxb2 Rxd2 31. Rxb3 Rc2 32. Kg2 Kg7 33. Kf3 g5
34. h3 h5 35. Rb4 c5 36. Re4 Kf6 37. h4 g4+ 38. Kg2 e5 39. Ra4 Rc1 40. Ra6+ Kg7
41. Rc6 c4 42. Kh2 c3 43. Kg2 f6 44. Rc7+ Kf8 45. e4 Ke8 46. Rc4 Kd7 1/2-1/2

[Event "51st Groningen Open A 2013"]
[Site "Groningen NED"]
[Date "2013.12.24"]
[Round "4.26"]
[White "Estremera Panos, Sergio"]
[Black "Lopez, Jasel"]
[Result "0-1"]
[WhiteTitle "IM"]
[BlackTitle "CM"]
[WhiteElo "2365"]
[BlackElo "2179"]
[WhiteFideId "2200864"]
[BlackFideId "15900045"]
[EventDate "2013.12.21"]

1. d4 d5 2. Nf3 c6 3. c4 e6 4. Qc2 Nf6 5. Bg5 Nbd7 6. e3 Be7 7. Nc3 O-O 8. a3 h6
9. Bf4 b6 10. cxd5 exd5 11. h3 Bb7 12. b4 Re8 13. Bd3 Nf8 14. O-O Ne6 15. Bh2 a5
16. bxa5 Rxa5 17. a4 Nd7 18. Rab1 Bf6 19. Rfd1 g6 20. Bf1 Ba6 21. Bxa6 Rxa6 22.
e4 Qa8 23. exd5 cxd5 24. Qb3 Ra5 25. Bd6 Be7 26. Bxe7 Rxe7 27. Qb4 Re8 28. Qd6
Rc8 29. Qxd7 Rxc3 30. Rxb6 Rc7 31. Qd6 Rxa4 32. Ne5 Ra1 33. Rdb1 Rc1+ 34. Rxc1
Rxc1+ 35. Kh2 Qa1 36. Rb8+ Kh7 37. Nf3 Rh1+ 38. Kg3 Qc1 39. Qe5 Ng7 40. Nh4 Re1
41. Qxd5 Nh5+ 0-1

[Event "51st Groningen Open A 2013"]
[Site "Groningen NED"]
[Date "2013.12.24"]
[Round "4.27"]
[White "Vereggen, Lars"]
[Black "Pel, Bonno"]
[Result "0-1"]
[BlackTitle "FM"]
[WhiteElo "2147"]
[BlackElo "2313"]
[WhiteFideId "1029258"]
[BlackFideId "1004760"]
[EventDate "2013.12.21"]

1. d4 d6 2. c4 g6 3. Nf3 Bg7 4. g3 e5 5. Bg2 Nc6 6. d5 Nce7 7. Nc3 h6 8. e4 f5
9. h4 Nf6 10. h5 g5 11. Nd2 O-O 12. f3 c6 13. Qe2 Bd7 14. Nb3 cxd5 15. exd5 Qe8
16. f4 exf4 17. gxf4 g4 18. Kf1 Qf7 19. Bd2 Rfe8 20. Qf2 Nxh5 21. c5 Nf6 22.
cxd6 Nexd5 23. Nc5 Nxc3 24. Bxc3 Bb5+ 25. Kg1 Re2 26. Qd4 Rxg2+ 27. Kxg2 Bc6+
28. Kg1 b6 29. Nd3 Bxh1 30. Kxh1 Qh5+ 31. Kg1 g3 32. Ne1 Re8 33. Ng2 Re2 0-1

[Event "51st Groningen Open A 2013"]
[Site "Groningen NED"]
[Date "2013.12.24"]
[Round "4.28"]
[White "Efroimski, Marsel"]
[Black "De Groot, Hendrik"]
[Result "1/2-1/2"]
[WhiteTitle "WIM"]
[WhiteElo "2307"]
[BlackElo "2063"]
[WhiteFideId "2810964"]
[BlackFideId "1037021"]
[EventDate "2013.12.21"]

1. e4 d6 2. d4 Nf6 3. Nc3 g6 4. Bg5 c6 5. Bxf6 exf6 6. Qd2 d5 7. exd5 cxd5 8.
Nge2 Be6 9. Nf4 Bh6 10. h4 Qd6 11. Nce2 Nc6 12. h5 O-O-O 13. hxg6 Bxf4 14. Nxf4
hxg6 15. Rxh8 Rxh8 16. O-O-O Bf5 17. a3 g5 18. Ne2 a6 19. Nc3 Rh4 20. Qe3 Kc7
21. g3 Rh2 22. Re1 Qe6 23. Qd2 Qd6 24. Na4 Rh1 25. Nc5 a5 26. Na4 b6 27. Nc3 Qd7
28. Qe3 Qe6 29. Qd2 Qd7 30. Bb5 Rxe1+ 31. Qxe1 Qe6 32. Qd2 Ne7 33. Be2 Bg4 34.
Nb5+ Kd7 35. f3 Bf5 36. Bf1 g4 37. fxg4 Bxg4 38. Nc3 Bf3 39. Bb5+ Kd8 40. b3 Nf5
41. Qh2 Nxd4 42. Qh8+ Kc7 43. Qa8 Kd6 44. Qd8+ Ke5 45. Bd7 Qd6 46. Qe8+ Ne6 47.
Qxf7 Qxa3+ 48. Kb1 Bg4 49. Nb5 Qb4 50. Na7 Qd6 51. Nc6+ Ke4 52. Qh7+ Ke3 53. Ne7
Qxg3 54. Nxd5+ Kd2 55. Bxe6 Qe1+ 56. Ka2 Qxe6 57. Qh6+ Kxc2 58. Ne3+ Kc3 59. Nc4
Qe2+ 60. Ka3 Qf2 61. Qc1+ Kd4 62. Nxb6 Ke4 63. Qc6+ Kd3 64. Qc4+ Kd2 65. Nd5 Qf3
66. Qd4+ Ke1 67. Ne3 f5 68. Nc2+ Kf1 69. Qc4+ Kf2 70. Qc5+ Kg3 71. Nd4 Qe4 72.
Qc3+ Kh4 73. Qd2 f4 74. Qh2+ Kg5 75. Qd2 Qe3 76. Qxa5+ Kh4 77. Qc5 Kg3 78. Kb4
Qe1+ 79. Kb5 f3 80. Qd6+ Kg2 81. Qf4 Qg3 82. Qxg3+ Kxg3 1/2-1/2

[Event "51st Groningen Open A 2013"]
[Site "Groningen NED"]
[Date "2013.12.24"]
[Round "4.29"]
[White "Markus, John Raymond"]
[Black "Olsarova, Tereza"]
[Result "0-1"]
[BlackTitle "WIM"]
[WhiteElo "2118"]
[BlackElo "2260"]
[WhiteFideId "1001213"]
[BlackFideId "325449"]
[EventDate "2013.12.21"]

1. d4 d5 2. c4 c6 3. cxd5 cxd5 4. Nc3 Nf6 5. Bf4 Nc6 6. e3 Bf5 7. Nf3 e6 8. Bb5
Nd7 9. Qa4 Qb6 10. O-O Be7 11. Rfc1 O-O 12. h3 Rfc8 13. a3 a6 14. Bxc6 Rxc6 15.
b4 Rac8 16. Na2 Qd8 17. Rxc6 Rxc6 18. Rc1 Nb6 19. Qb3 Rxc1+ 20. Nxc1 Qc8 21. Qb2
Na4 22. Qd2 Qc3 23. Qxc3 Nxc3 24. Nd2 Nb5 25. Ndb3 Nxa3 26. Nc5 Nc2 27. Na2 Kf8
28. Bc7 Ke8 29. Ba5 Bxc5 30. bxc5 Kd7 31. Nc3 Kc6 32. g4 Bd3 33. h4 e5 34. dxe5
Kxc5 35. Bc7 b5 36. Kg2 b4 37. Na4+ Kc6 38. Bd6 b3 39. Nb2 Bb5 40. h5 a5 41. Nd1
Be2 0-1

[Event "51st Groningen Open A 2013"]
[Site "Groningen NED"]
[Date "2013.12.24"]
[Round "4.30"]
[White "Van Osch, Mees"]
[Black "Umudova, Nargiz"]
[Result "1-0"]
[BlackTitle "WIM"]
[WhiteElo "2139"]
[BlackElo "2255"]
[WhiteFideId "1035967"]
[BlackFideId "13402137"]
[EventDate "2013.12.21"]

1. e4 c6 2. d4 d5 3. Nc3 dxe4 4. Nxe4 Nd7 5. Bc4 Ngf6 6. Ng5 e6 7. Qe2 Nb6 8.
Bd3 h6 9. N5f3 Qd5 10. c4 Bb4+ 11. Kf1 Qd8 12. Be3 O-O 13. Ne5 c5 14. Ngf3 cxd4
15. Bxd4 Nbd7 16. Rd1 Qe7 17. g4 Bc5 18. Bc3 Nxe5 19. Nxe5 Nd7 20. Rg1 Nxe5 21.
Qxe5 f6 22. Qe4 g5 23. h4 Bd7 24. b4 Bb6 25. hxg5 hxg5 26. c5 Bd8 27. b5 Be8 28.
Bb4 a5 29. Ba3 Rf7 30. Qg6+ Rg7 31. Qh6 Qd7 32. c6 bxc6 33. Bh7+ 1-0

[Event "51st Groningen Open A 2013"]
[Site "Groningen NED"]
[Date "2013.12.24"]
[Round "4.31"]
[White "Burg, Brent"]
[Black "Klapwijk, Bram"]
[Result "1-0"]
[WhiteElo "2227"]
[BlackElo "2039"]
[WhiteFideId "1019465"]
[BlackFideId "1009133"]
[EventDate "2013.12.21"]

1. Nf3 Nf6 2. c4 e6 3. g3 b6 4. Bg2 Bb7 5. O-O Be7 6. b3 O-O 7. Bb2 d6 8. Qc2
Nbd7 9. Nc3 c5 10. Rfd1 Rc8 11. Rac1 Qc7 12. Qb1 Qb8 13. d4 cxd4 14. Rxd4 Qa8
15. Rcd1 Ne5 16. e4 Nxf3+ 17. Bxf3 Rfd8 18. a4 Nd7 19. Qc2 Nc5 20. Re1 a6 21.
Bg2 Qa7 22. Rd2 Bc6 23. Qd1 Rb8 24. b4 Nd7 25. Qg4 Ne5 26. Qe2 Rbc8 27. Rd4 Bf6
28. Red1 Be8 29. b5 Qc7 30. Bf1 Qc5 31. Kg2 Nc6 32. R4d2 Na5 33. Rc1 Nb3 34.
Rcd1 Nxd2 35. Qxd2 axb5 36. axb5 Qb4 37. Nd5 Qxd2 38. Nxf6+ gxf6 39. Rxd2 e5 40.
Ba3 Ra8 41. Rxd6 Rxd6 42. Bxd6 Rc8 43. f4 exf4 44. gxf4 f5 45. exf5 f6 46. Kf2
Bf7 47. c5 bxc5 48. b6 Bd5 49. Bg2 1-0

[Event "51st Groningen Open A 2013"]
[Site "Groningen NED"]
[Date "2013.12.24"]
[Round "4.33"]
[White "Vos, Tjark"]
[Black "L'Ami, Alina"]
[Result "0-1"]
[BlackTitle "WGM"]
[WhiteElo "2085"]
[BlackElo "2390"]
[WhiteFideId "1020870"]
[BlackFideId "1210246"]
[EventDate "2013.12.21"]

1. e4 c5 2. Nf3 d6 3. d4 cxd4 4. Nxd4 Nf6 5. Nc3 a6 6. Be3 e5 7. Nb3 Be6 8. f3
Be7 9. Qd2 O-O 10. O-O-O Nbd7 11. g4 b5 12. g5 b4 13. Ne2 Ne8 14. f4 a5 15. f5
a4 16. Nbd4 exd4 17. Nxd4 b3 18. Kb1 bxc2+ 19. Nxc2 Bb3 20. axb3 axb3 21. Na3
Ne5 22. Qg2 Kh8 23. h4 Ra4 24. Bb5 Rb4 25. Bd2 Rd4 26. Bc3 Rxd1+ 27. Rxd1 Qa8
28. h5 Nc7 29. Be2 f6 30. g6 h6 31. Bb4 Rd8 32. Rc1 Na6 33. Bc3 Nc5 34. Bxe5
dxe5 35. Bf3 Nd3 36. Rc3 Bxa3 37. bxa3 Qxa3 38. Bd1 Ra8 39. Bxb3 Qa1+ 40. Kc2
Ne1+ 0-1

[Event "51st Groningen Open A 2013"]
[Site "Groningen NED"]
[Date "2013.12.24"]
[Round "4.34"]
[White "Berkovich, Mark A"]
[Black "Van Foreest, Lucas"]
[Result "0-1"]
[WhiteTitle "IM"]
[WhiteElo "2366"]
[BlackElo "2120"]
[WhiteFideId "2801639"]
[BlackFideId "1039792"]
[EventDate "2013.12.21"]

1. d4 Nf6 2. g3 g6 3. Bg2 Bg7 4. e4 d6 5. Nc3 O-O 6. Nge2 e5 7. h3 Nc6 8. Be3
Bd7 9. O-O Nxd4 10. Nxd4 exd4 11. Bxd4 Re8 12. Qd3 Bc6 13. Rfe1 Qd7 14. Rad1 a6
15. Qf1 Nh5 16. Bxg7 Nxg7 17. e5 Nf5 18. Nd5 Bxd5 19. Bxd5 c6 20. Bg2 d5 21. Qd3
b5 22. h4 Re7 23. Bh3 Rae8 24. Qc3 Qc7 25. Bxf5 gxf5 26. f4 f6 27. exf6 Qb6+ 28.
Kf1 Re3 29. Qd2 Kf7 30. Rxe3 Qxe3 31. Qxe3 Rxe3 32. Kf2 Re4 33. Rd3 Rc4 34. c3
Kxf6 35. Kf3 h5 36. a3 a5 37. Re3 Re4 38. b4 axb4 39. axb4 Ke6 40. Rxe4+ dxe4+
41. Ke2 Kd6 42. Kd2 c5 43. Ke2 cxb4 44. cxb4 Kd5 45. Ke3 Kc4 46. g4 fxg4 47.
Kxe4 Kxb4 48. f5 Kc5 49. Ke5 Kc6 0-1